La crisis de la educación indígena en el area tzotzil : Los Altos de Chiapas /

Saved in:
Bibliographic Details
Main Author: Pérez Pérez, Elías.
Format: Book
Language:Spanish
Published: México : Universidad Pedagógica Nacional : Miguel Angel Porrúa, 2003.
Edition:1. ed.
Subjects:
Tags: Add Tag
No Tags, Be the first to tag this record!
LEADER 01174cam a2200325 a 4500
001 009356832-0
005 20070906155532.0
008 040127s2003 mx ab b 000 0 spa
010 |a  2004394296 
020 |a 9707014113 
020 |a 9789707014114 
035 0 |a ocm54832670 
040 |a DLC  |c DLC 
043 |a n-mx--- 
050 0 0 |a F1221.T9  |b P49 2003 
082 0 0 |a 371.829/974287  |2 22 
100 1 |a Pérez Pérez, Elías. 
245 1 3 |a La crisis de la educación indígena en el area tzotzil :  |b Los Altos de Chiapas /  |c Elías Pérez Pérez. 
250 |a 1. ed. 
260 |a México :  |b Universidad Pedagógica Nacional :  |b Miguel Angel Porrúa,  |c 2003. 
300 |a 168 p. :  |b ill., maps ;  |c 23 cm. 
504 |a Includes bibliographical references (p. 165-168). 
650 0 |a Tzotzil Indians  |x Education. 
650 0 |a Education, Bilingual  |z Mexico  |z Chiapas Highlands. 
650 0 |a Tzotzil language  |x Study and teaching  |z Mexico  |z Chiapas Highlands. 
650 0 |a Language and education  |z Mexico  |z Chiapas Highlands. 
650 0 |a Language and culture  |z Mexico  |z Chiapas Highlands. 
650 0 |a Education  |z Mexico  |z Chiapas Highlands. 
988 |a 20040506 
906 |0 DLC